1188 1895 1352 1251 1194 1985 1030 1663 1652 1400 1944 1442 1711 1954 1436 1518 1735 1455 1474 1230 1780 1686 1815 1113 1985 1594 1574 1556 1018 1261 1377 1079 1192 1197 1240 1334 1643 1830 1368 1923 1458 1280 1554 1315 1346 1026 1356 1835 1640 1214 1459 1900 1568 1559 1673 1289 2000 1162 1407 1125 1054 1476 1257 1959 1342 1778 1722 1904 1407 1227 1944 1211 1086 1495 1851 1246 1772 1315 1033 1928 1447 1177 1383 1458 1543 1871 1201 1429 1455 1781 1545 1209 1750 1346 1798 1159 1980 1412 1418 BCNSPRNW ULIB Ver.6.0+V

เปลี่ยนเป็นภาษาไทย

Change to English
 แสดงรายละเอียดบรรณานุกรม
  กลับหน้าหลัก

Brief Record : Get Marc (ISO 2709) : E-mail record : QR code < ปิดหน้าต่าง
LEADER : 00000nam 2200000uu 4500
001    13399111336
003     ULIB
008    110622s2549||||th 000 0 tha d
020    9749393287
020    9789749393284
060  4 QU4^bพ850ช ล.2
245 00 ชีววิทยา 2 /^cพูนพิภพ เกษมทรัพย์
246 30 ชีววิทยา 2
250    พิมพ์ครั้งที่ 1
260    กรุงเทพฯ :^bโครงการตำราวิทยาศาสตร์และคณิตศาสตร์มูลนิธิส่งเสริมโอลิมปิกวิชาการและพัฒนามาตรฐานวิทยาศาสตร์ศึกษา,^c2549
300    440 หน้า :^bภาพประกอบ ;^c30 ซม.
650  7 ชีววิทยา
650  7 น้ำ
650  7 พืช
650  7 พืช^xการเจริญเติบโต
650  7 ธาตุอาหารพืช
650  7 การสังเคราะห์แสง
650  7 การเผาผลาญ
650  7 การเคลื่อนไหว
650  7 จิบเบอเรลลิน
650  7 ฮอร์โมนพืช
700 0  พูนพิภพ เกษมทรัพย์
710 2  โครงการตำราวิทยาศาสตร์และคณิตศาสตร์มูลนิธิ สอวน.
710 2ม ูลนิธิส่งเสริมโอลิมปิกวิชาการและพัฒนามาตรฐานวิทยาศาสตร์ศึกษา. ^bโครงการตำราวิทยาศาสตร์และคณิตศาสตร์
945    ^p399^l0^i24700
945    ^p399^l0^i24699
945    ^p399^l0^i24698
995    กัณชพร
999 ^a ใช้งานได้ทุกระบบ
รายการนี้ยังไม่มีแท็ก
คุณยังไม่ได้ล็อกอิน คุณสามารถมีกิจกรรมร่วมกับเว็บไซต์ได้ แต่ต้องล็อกอินก่อน ::
  ล็อกอิน

รายการสื่อสารสนเทศ

ลำดับที่ ประเภท เลขเรียก/บาร์โค้ด สถานที่ สถานะ
- ไม่พบข้อมูล -

รายการใกล้เคียง
    หัวเรื่อง [ชีววิทยา]
    หัวเรื่อง [น้ำ]
    หัวเรื่อง [พืช]
    หัวเรื่อง [ธาตุอาหารพืช]
    หัวเรื่อง [การสังเคราะห์แสง]
    หัวเรื่อง [การเผาผลาญ]
    หัวเรื่อง [การเคลื่อนไหว]
    หัวเรื่อง [จิบเบอเรลลิน]
    หัวเรื่อง [ฮอร์โมนพืช]

BibComment


ยังไม่เคยถูกคอมเมนท์

คอมเมนท์ทรัพยากรรายการนี้
  คอมเมนท์: ชีววิทยา 2 พูนพ..


 Copyright 2026. Bcnsprnw @Library